[Event "Dortmund Sparkassen op-B"]
[Site "Dortmund"]
[Date "2013.07.29"]
[Round "3"]
[White "Kantor, Nikita"]
[Black "Droettboom, Tobias"]
[Result "1-0"]
[WhiteElo "1276"]
[BlackElo "1789"]
[PlyCount "43"]
[EventDate "2013.07.27"]
[EventType "swiss"]
[EventRounds "9"]
[EventCountry "GER"]
[SourceTitle "EXT 2022"]
[Source "ChessBase"]
[SourceDate "2021.10.06"]
[SourceVersion "1"]
[SourceVersionDate "2021.10.06"]
[SourceQuality "1"]

1. Nf3 d5 2. c4 c6 3. g3 Nf6 4. b3 Bf5 5. d3 e6 6. Bg2 Bg6 7. Bb2 Bd6 8. 0-0 Nbd7 9. Nbd2 0-0 10. Rc1 Rc8 11. Qc2 Qb6 12. Nh4 Ng4 13. Nxg6 fxg6 14. d4 Qc7 15. e4 dxc4 16. Qxc4 Rce8 17. e5 Bxe5 18. dxe5 Ngxe5 19. Qc3 Rf7 20. Nc4 Ng4 21. Qd4 Ndf6 22. Nd6 1-0

[Event "Dortmund Sparkassen op-B"]
[Site "Dortmund"]
[Date "2013.07.28"]
[Round "2"]
[White "Droettboom, Tobias"]
[Black "Schrimpl, Michael"]
[Result "0-1"]
[WhiteElo "1789"]
[BlackElo "1428"]
[PlyCount "42"]
[EventDate "2013.07.27"]
[EventType "swiss"]
[EventRounds "9"]
[EventCountry "GER"]
[SourceTitle "EXT 2022"]
[Source "ChessBase"]
[SourceDate "2021.10.06"]
[SourceVersion "1"]
[SourceVersionDate "2021.10.06"]
[SourceQuality "1"]

1. e4 d6 2. d4 Nf6 3. Nc3 g6 4. f4 Bg7 5. a3 Nbd7 6. Nf3 c5 7. d5 a6 8. a4 Qc7 9. Bd2 0-0 10. Bc4 Nb6 11. Qe2 Nxc4 12. Qxc4 e6 13. 0-0-0 exd5 14. exd5 Bd7 15. Be3 Rfe8 16. Rhe1 b5 17. axb5 axb5 18. Nxb5 Bxb5 19. Qxb5 Reb8 20. Qd3 c4 21. Qe2 Ra1+ 0-1

[Event "Dortmund Sparkassen op-B"]
[Site "Dortmund"]
[Date "2013.07.27"]
[Round "1"]
[White "Gennat, Egon Leopold"]
[Black "Droettboom, Tobias"]
[Result "1-0"]
[WhiteElo "1670"]
[BlackElo "1789"]
[PlyCount "136"]
[EventDate "2013.07.27"]
[EventType "swiss"]
[EventRounds "9"]
[EventCountry "GER"]
[SourceTitle "EXT 2022"]
[Source "ChessBase"]
[SourceDate "2021.10.06"]
[SourceVersion "1"]
[SourceVersionDate "2021.10.06"]
[SourceQuality "1"]

1. d4 d5 2. Nf3 Nf6 3. e3 c5 4. b3 Bf5 5. Bd3 Bg6 6. Bb2 Nc6 7. 0-0 e6 8. Nbd2 Qc7 9. Ne5 cxd4 10. exd4 Bd6 11. f4 Qb6 12. Ndf3 Bh5 13. Qe1 Bxf3 14. Nxf3 Bxf4 15. Kh1 0-0 16. Qh4 Qc7 17. Ng5 Bxg5 18. Qxg5 h6 19. Qh4 Qd8 20. Rf3 Ne4 21. Qe1 f5 22. c4 Qg5 23. Rd1 Qe7 24. a3 g5 25. Bb1 Rad8 26. Qf1 g4 27. Rf4 Qh4 28. Bxe4 fxe4 29. g3 Qg5 30. Bc1 Rxf4 31. Qxf4 Qxf4 32. Bxf4 h5 33. Be3 Rf8 34. Bf4 Kh7 35. Kg2 Kg6 36. Rd2 h4 37. Kf2 Rxf4+ 38. gxf4 Kf5 39. Ke3 Ne7 40. c5 Nc6 41. b4 a6 42. Rb2 g3 43. hxg3 hxg3 44. b5 Na5 45. Rb1 Nc4+ 46. Ke2 Nxa3 47. bxa6 bxa6 48. c6 Nc4 49. c7 Nd6 50. Rb6 Nc8 51. Rxa6 Ne7 52. Ra8 Kxf4 53. c8Q Nxc8 54. Rxc8 e3 55. Rf8+ Ke4 56. Rf3 g2 57. Rg3 Kxd4 58. Rxg2 Ke4 59. Rg4+ Kf5 60. Rd4 Ke5 61. Kxe3 Kd6 62. Rh4 e5 63. Kd3 Ke6 64. Rh5 Kf6 65. Kc3 Ke6 66. Kb4 e4 67. Kc5 e3 68. Kd4 e2 1-0

[Event "GER-chT U16"]
[Site "Naumburg"]
[Date "2012.12.28"]
[Round "3"]
[White "Droettboom, Tobias"]
[Black "Groetzbach, Daniel"]
[Result "1/2-1/2"]
[WhiteElo "1785"]
[BlackElo "1885"]
[PlyCount "97"]
[EventDate "2012.12.27"]
[EventType "team-swiss"]
[EventRounds "7"]
[EventCountry "GER"]
[SourceTitle "EXT 2014"]
[Source "ChessBase"]
[SourceDate "2013.11.20"]
[SourceVersion "1"]
[SourceVersionDate "2013.11.20"]
[SourceQuality "1"]
[WhiteTeam "Iserlohn Koenigsspringer"]
[BlackTeam "Hamburger SK"]
[WhiteTeamCountry "GER"]
[BlackTeamCountry "GER"]

1. d4 d5 2. Nf3 Nf6 3. Bf4 c5 4. e3 Nc6 5. c3 Qb6 6. Qc1 Bf5 7. Nbd2 e6 8. Be2 h6 9. 0-0 Be7 10. dxc5 Bxc5 11. Bd1 0-0 12. Bc2 Bxc2 13. Qxc2 Rac8 14. Rfe1 Rfd8 15. Qb3 Qa6 16. a4 b6 17. Qb5 Qb7 18. Nb3 Bd6 19. Bxd6 Rxd6 20. a5 Nd8 21. Qb4 Qb8 22. Qa3 b5 23. Nfd4 a6 24. Nc5 Nd7 25. Nd3 Nc6 26. Nb3 Nce5 27. Nxe5 Nxe5 28. Nc5 Rxc5 29. Qxc5 Nd3 30. Qd4 Nxe1 31. Rxe1 Qc7 32. Qf4 Rc6 33. Qxc7 Rxc7 34. Rd1 Rc4 35. Rd4 Ra4 36. Rxa4 bxa4 37. Kf1 Kf8 38. Ke2 Ke7 39. Kd3 Kd6 40. e4 Kc5 41. exd5 exd5 42. g4 g6 43. f4 f6 44. f5 gxf5 45. gxf5 h5 46. h4 Kc6 47. Ke3 Kc5 48. Kd3 Kc6 49. Ke3 1/2-1/2

[Event "Dortmund Sparkassen op-B"]
[Site "Dortmund"]
[Date "2012.07.19"]
[Round "6"]
[White "Droettboom, Tobias"]
[Black "Maj, Kornel"]
[Result "1-0"]
[WhiteElo "1725"]
[BlackElo "1718"]
[PlyCount "35"]
[EventDate "2012.07.14"]
[EventType "swiss"]
[EventRounds "9"]
[EventCountry "GER"]
[SourceTitle "EXT 2014"]
[Source "ChessBase"]
[SourceDate "2013.11.20"]
[SourceVersion "1"]
[SourceVersionDate "2013.11.20"]
[SourceQuality "1"]

1. d4 Nf6 2. Nf3 g6 3. Bf4 Bg7 4. e3 0-0 5. Nbd2 d6 6. h3 Nbd7 7. Be2 c5 8. c3 b6 9. 0-0 Bb7 10. a4 a6 11. Bh2 Rc8 12. Qb3 Qc7 13. Rfc1 Qb8 14. Bc4 h6 15. Nh4 Qa8 16. Nxg6 e5 17. Ne7+ Kh8 18. Be2 1-0

[Event "Dortmund Sparkassen op-B"]
[Site "Dortmund"]
[Date "2012.07.17"]
[Round "4"]
[White "Droettboom, Tobias"]
[Black "Shishkov, Mark"]
[Result "1-0"]
[WhiteElo "1725"]
[BlackElo "1824"]
[PlyCount "81"]
[EventDate "2012.07.14"]
[EventType "swiss"]
[EventRounds "9"]
[EventCountry "GER"]
[SourceTitle "EXT 2014"]
[Source "ChessBase"]
[SourceDate "2013.11.20"]
[SourceVersion "1"]
[SourceVersionDate "2013.11.20"]
[SourceQuality "1"]

1. d4 Nf6 2. Nf3 b6 3. Bf4 Ba6 4. Nbd2 d5 5. e3 Bxf1 6. Nxf1 e6 7. N1d2 Bd6 8. Bg3 0-0 9. 0-0 Nbd7 10. Ne5 Nb8 11. h3 Ne8 12. Qg4 Qe7 13. Bh4 f6 14. f4 Nd7 15. e4 Bxe5 16. fxe5 dxe4 17. Rae1 Qf7 18. Qxe4 Rd8 19. Nb3 f5 20. Qc6 Rc8 21. d5 Nb8 22. Qxe6 Qxe6 23. dxe6 f4 24. Be7 Rf5 25. g4 Rxe5 26. Rxe5 Nc6 27. Rf5 Nxe7 28. R5xf4 Nf6 29. c4 Ng6 30. Rd4 Ne5 31. g5 c5 32. Rdf4 Nh5 33. Rf5 Nc6 34. Rd1 g6 35. Rf7 Nd8 36. Re7 Ng7 37. Rdd7 Ndxe6 38. Nd2 Rc6 39. Ne4 Rc8 40. Nf6+ Kh8 41. Rxe6 1-0

[Event "GER-chT U14"]
[Site "Lingen"]
[Date "2011.12.29"]
[Round "6.2"]
[White "Droettboom, Tobias"]
[Black "Hoffmann, Dustin"]
[Result "0-1"]
[WhiteElo "1460"]
[BlackElo "1687"]
[PlyCount "114"]
[EventDate "2011.12.27"]
[EventType "team-swiss"]
[EventRounds "7"]
[EventCountry "GER"]
[SourceTitle "EXT 2022"]
[Source "ChessBase"]
[SourceDate "2021.10.06"]
[SourceVersion "1"]
[SourceVersionDate "2021.10.06"]
[SourceQuality "1"]
[WhiteTeam "Iserlohn Koenigsspringer U14"]
[BlackTeam "Merseburg U14"]
[WhiteTeamCountry "GER"]
[BlackTeamCountry "GER"]

1. d4 Nf6 2. Nf3 g6 3. Bf4 Bg7 4. e3 d6 5. Bd3 Nbd7 6. Nbd2 c5 7. c3 0-0 8. 0-0 a6 9. Bc4 b5 10. Bb3 c4 11. Bc2 Re8 12. Bg3 e5 13. dxe5 dxe5 14. Ne4 Qe7 15. Nd6 Rd8 16. Nxc8 Raxc8 17. Qe2 e4 18. Nd4 Nh5 19. Rad1 Nxg3 20. hxg3 Nc5 21. Rd2 Nd3 22. Bxd3 exd3 23. Qf3 Qf6 24. Qxf6 Bxf6 25. a3 Rc5 26. Rb1 h5 27. b4 Rcd5 28. Re1 Re8 29. Red1 Ra8 30. Ra2 a5 31. bxa5 Rxa5 32. Rdd2 Rd6 33. Ra1 Rda6 34. Rda2 Be7 35. Kf1 Bc5 36. Ke1 b4 37. axb4 Bxb4 38. Rxa5 Bxc3+ 39. Kd1 Rxa5 40. Rxa5 Bxa5 41. Nc6 Bc3 42. f3 Kg7 43. e4 Kf6 44. Na7 g5 45. Nb5 Bb4 46. Nc7 Ke5 47. Nd5 Ba5 48. Ne3 Kd4 49. Nf5+ Kc3 50. Nd6 f6 51. Nb5+ Kb2 52. Nd6 c3 53. Nc4+ Kb1 54. Na3+ Ka2 55. Nc4 c2+ 56. Kc1 Bc3 57. f4 Kb3 0-1